Manual para seminarios socráticos
Guardat en:
| Autors principals: | , , , , |
|---|---|
| Format: | Llibre |
| Idioma: | espanyol |
| Publicat: |
Santiago
Cuatros Vientos
2006
|
| Edició: | 2a. ed |
| Col·lecció: | Aula Socrática
|
| Matèries: | |
| Etiquetes: |
Afegir etiqueta
Sense etiquetes, Sigues el primer a etiquetar aquest registre!
|
MARC
| LEADER | 00000nam a2200000 a 4500 | ||
|---|---|---|---|
| 001 | UCI9807 | ||
| 003 | CL-VaPUC | ||
| 008 | 081212e20060000CL |||||||||||||||||spa|d | ||
| 020 | |a 9562420817 | ||
| 082 | 0 | 4 | |a 371.3028 |b EYZ |2 21 |
| 100 | 0 | |a Eyzaguirre Baraona, Alejandra |e author |9 533760 | |
| 700 | 0 | |a Hurtado Vicuña, Mercedes |e author |9 533761 | |
| 700 | 0 | |a Merino Marchant, Verónica |e author |9 533762 | |
| 700 | 0 | |a Orellana García, Pelusa |e author |9 533763 | |
| 700 | 0 | |a Vial Urrejola, Magdalena |e author |9 533764 | |
| 245 | 1 | 0 | |a Manual para seminarios socráticos |
| 250 | |a 2a. ed | ||
| 300 | |a 193 p | ||
| 942 | |c BK | ||
| 945 | |d 20081212 00:00:00 |a rbrito | ||
| 260 | |a Santiago |b Cuatros Vientos |c 2006 | ||
| 600 | 0 | |a Sócrates |9 266368 | |
| 650 | 0 | |a Métodos de enseñanza |9 270413 | |
| 650 | 7 | |a METODOS DE SOCRATES |2 CL-VaPUC |9 533765 | |
| 650 | 0 | |a Prácticas pedagógicas |9 533766 | |
| 650 | 7 | |a TECNICAS DE DEBATE |2 CL-VaPUC |9 532463 | |
| 650 | 7 | |a DISCUSION |2 CL-VaPUC |9 311631 | |
| 650 | 7 | |a SEMINARIOS |2 CL-VaPUC |9 312362 | |
| 583 | |a last modification |c 20081212 00:00:00 |k Rodrigo Vera | ||
| 490 | 0 | |a Aula Socrática | |
| 999 | |c 332271 |d 332269 | ||
| 952 | |0 0 |1 0 |4 0 |6 371_302800000000000_EYZ_2006 |7 0 |8 A |9 419814 |a BIBEDU |b BIBEDU |d 2019-11-22 |i 4505786 |o 371.3028 EYZ 2006 |p 4505786 |r 2019-11-22 |w 2019-11-22 |y BK |k EBA | ||